000 00754nam a22001937a 4500
003 UA-OsUOA
001 10186
007 ta
008 20050105b un ||||| |||| 00| 0 ukr d
942 _cSA
040 _aUA-OsUOA
_bukr
_cUA-OsUOA
_dUA-OsUOA
245 _aЛауреати Всеукраїнської літературної премії імені Володимира Сосюри: [Грабовський В. за добірку поезій " Високосне серце"; Сорока П. за " Янгол у шибці вагона"
300 _aС.1
955 _a0
041 _aukr
044 _aUA
773 0 _w0
_tЛітературна Україна
_dКиїв
_d2004
_g№51 /30груд./
650 7 _aГрабовський В.
_2UDC
999 _c296347
_d296347